[Event "Albena BUL, 19th Open round_9"]
[Site "Albena BUL"]
[Date "2011.07.03"]
[Round "9.3"]
[White "Farago, Ivan"]
[Black "Svetushkin, Dmitry"]
[Result "1/2-1/2"]
[WhiteElo "2448"]
[BlackElo "2561"]
[PlyCount "48"]
[EventDate "2011.06.25"]
[EventType "swiss"]
[EventRounds "9"]
[EventCountry "BUL"]

1. d4 d5 2. c4 c6 3. Nf3 Nf6 4. Nc3 dxc4 5. a4 Bf5 6. Ne5 Nbd7 7. Nxc4 Nb6 8.
e3 e6 9. a5 Nxc4 10. Bxc4 Bd6 11. f3 e5 12. dxe5 Bxe5 13. Qxd8+ Rxd8 14. e4 Be6
15. Bxe6 fxe6 16. Be3 Bd4 17. Ke2 Ke7 18. Na4 Bxe3 19. Kxe3 Nd7 20. Rhc1 Kd6
21. Ra3 Kc7 22. Rac3 Nb8 23. Nc5 Rhe8 24. Rb3 b6 1/2-1/2

[Event "Albena BUL, 19th Open round_9"]
[Site "Albena BUL"]
[Date "2011.07.03"]
[Round "9.4"]
[White "Cioara, Andrei-Nestor"]
[Black "Grigoryan, Avetik"]
[Result "0-1"]
[WhiteElo "2427"]
[BlackElo "2608"]
[PlyCount "50"]
[EventDate "2011.06.25"]
[EventType "swiss"]
[EventRounds "9"]
[EventCountry "BUL"]

1. Nf3 Nf6 2. c4 c5 3. g3 Nc6 4. d4 cxd4 5. Nxd4 Qb6 6. Nb3 Ne5 7. c5 Qc6 8.
Rg1 d5 9. cxd6 exd6 10. Nc3 d5 11. Bg2 Be6 12. Bf4 Nc4 13. Nd4 Qb6 14. Ndb5 Bc5
15. e3 O-O 16. b3 Na3 17. Nxa3 Bxa3 18. Be5 Qa5 19. Qd2 Rac8 20. Rd1 Bb4 21.
Rc1 Ne4 22. Bxe4 dxe4 23. Bd4 Rfd8 24. Ke2 Bg4+ 25. Kf1 Qa6+ 0-1

[Event "Albena BUL, 19th Open round_9"]
[Site "Albena BUL"]
[Date "2011.07.03"]
[Round "9.5"]
[White "Delchev, Aleksander"]
[Black "Georgescu, Tiberiu-Marian"]
[Result "1/2-1/2"]
[WhiteElo "2619"]
[BlackElo "2397"]
[PlyCount "114"]
[EventDate "2011.06.25"]
[EventType "swiss"]
[EventRounds "9"]
[EventCountry "BUL"]

1. c4 g6 2. g3 Bg7 3. Bg2 Nf6 4. Nc3 O-O 5. d4 d6 6. Nf3 c6 7. O-O Qa5 8. h3 e5
9. e4 Nbd7 10. Re1 exd4 11. Nxd4 Ne5 12. Bf1 Re8 13. a3 c5 14. Nc2 Be6 15. b4
Qd8 16. bxc5 dxc5 17. Nd5 Qd7 18. f4 Nc6 19. Rb1 Bxh3 20. Nxf6+ Bxf6 21. Qxd7
Bxd7 22. Rxb7 Nd4 23. Rxd7 Nxc2 24. Red1 Bd4+ 25. Kh1 Rab8 26. Bd3 Ne3 27. Bxe3
Bxe3 28. e5 Kf8 29. Be4 Re7 30. Rd8+ Rxd8 31. Rxd8+ Re8 32. Rd6 Re6 33. Rd7 Re7
34. Rd3 Bd4 35. Bd5 g5 36. Kg2 h5 37. Rb3 h4 38. fxg5 hxg3 39. Kxg3 Rxe5 40.
Kf4 Re1 41. a4 Rf1+ 42. Kg4 Re1 43. a5 Re3 44. Rb7 Re7 45. a6 Be5 46. Rb5 Bd6
47. Kh5 Kg7 48. Rb7 Rxb7 49. axb7 a5 50. Bc6 f6 51. g6 f5 52. Kg5 f4 53. Kf5
Bb8 54. Kg5 Bc7 55. Kh5 Bb8 56. Kg5 Bc7 57. Kf5 Bb8 1/2-1/2

[Event "Albena BUL, 19th Open round_9"]
[Site "Albena BUL"]
[Date "2011.07.03"]
[Round "9.6"]
[White "Sanduleac, Vasile"]
[Black "Jaracz, Pawel"]
[Result "1/2-1/2"]
[WhiteElo "2424"]
[BlackElo "2575"]
[PlyCount "80"]
[EventDate "2011.06.25"]
[EventType "swiss"]
[EventRounds "9"]
[EventCountry "BUL"]

1. e4 g6 2. d4 Bg7 3. Nc3 d6 4. Be3 a6 5. Qd2 b5 6. f3 Nd7 7. Nge2 c5 8. dxc5
dxc5 9. Rd1 Bb7 10. Nf4 Qc8 11. Be2 e6 12. O-O Ne7 13. a4 b4 14. Nb1 Nc6 15. c3
bxc3 16. bxc3 Nce5 17. Nh3 c4 18. Na3 Nc5 19. Qd6 Ncd7 20. Nxc4 Nxc4 21. Bxc4
Be5 22. Qb4 Qc7 23. Kh1 a5 24. Qb3 O-O 25. Bb5 Nf6 26. Bd4 Rac8 27. Qb2 Nh5 28.
Bxe5 Qxe5 29. Rd4 Rc7 30. Qd2 Kg7 31. Rd1 h6 32. c4 g5 33. Nf2 Nf6 34. Rd6 Rfc8
35. Qxa5 Rxc4 36. Rd8 Rc2 37. Rxc8 Bxc8 38. Qb6 Qb2 39. Kg1 Bd7 40. Qd4 Bxb5
1/2-1/2

[Event "Albena BUL, 19th Open round_9"]
[Site "Albena BUL"]
[Date "2011.07.03"]
[Round "9.7"]
[White "Pancevski, Filip"]
[Black "Szabo, Gergely-Andras-Gyul"]
[Result "1/2-1/2"]
[WhiteElo "2399"]
[BlackElo "2545"]
[PlyCount "50"]
[EventDate "2011.06.25"]
[EventType "swiss"]
[EventRounds "9"]
[EventCountry "BUL"]

1. e4 c5 2. Nf3 d6 3. d4 cxd4 4. Nxd4 Nf6 5. Nc3 a6 6. g3 e5 7. Nde2 Nbd7 8.
Bg2 b5 9. O-O Bb7 10. h3 Be7 11. g4 Nc5 12. Ng3 g6 13. Be3 Rc8 14. Qd2 O-O 15.
a3 Na4 16. Nxa4 bxa4 17. Rfd1 Qc7 18. Rac1 Bc6 19. b4 axb3 20. cxb3 Qb7 21. Qd3
Rfd8 22. g5 Nd7 23. Bf1 Nb8 24. Bg2 Nd7 25. Bf1 Nb8 1/2-1/2

[Event "Albena BUL, 19th Open round_9"]
[Site "Albena BUL"]
[Date "2011.07.03"]
[Round "9.8"]
[White "Spassov, Liuben"]
[Black "Nevednichy, Vladislav"]
[Result "1/2-1/2"]
[WhiteElo "2384"]
[BlackElo "2542"]
[PlyCount "96"]
[EventDate "2011.06.25"]
[EventType "swiss"]
[EventRounds "9"]
[EventCountry "BUL"]

1. Nf3 g6 2. g3 Bg7 3. d4 Nf6 4. Bg2 O-O 5. O-O d6 6. a4 a5 7. Bf4 h6 8. h3 c6
9. Nc3 Nd5 10. Bd2 f5 11. Re1 Nxc3 12. Bxc3 d5 13. Bd2 Nd7 14. c3 g5 15. Qb3 e6
16. c4 Rf7 17. Bc3 Bf6 18. Rad1 Qf8 19. Ne5 Nxe5 20. dxe5 Be7 21. e3 h5 22. Rd2
Bc5 23. Bd4 Bb4 24. Bc3 Be7 25. Rc1 Qe8 26. Bd4 Kh7 27. Kh2 Kh6 28. Kg1 Qf8 29.
Rf1 h4 30. g4 Bb4 31. Bc3 f4 32. exf4 Rxf4 33. Rd4 Bc5 34. Rxf4 Qxf4 35. Qc2
Bb4 36. cxd5 exd5 37. Bxb4 axb4 38. Qc5 Be6 39. Qe7 Qf7 40. Qxb4 Rf8 41. Qd4
Qf4 42. Rd1 Qxd4 43. Rxd4 Bc8 44. Rd3 Kg7 45. Bf1 Rf4 46. b3 Be6 47. Be2 Re4
48. Bd1 d4 1/2-1/2

[Event "Albena BUL, 19th Open round_9"]
[Site "Albena BUL"]
[Date "2011.07.03"]
[Round "9.9"]
[White "Vutov, Mario"]
[Black "Carlsson, Pontus"]
[Result "0-1"]
[WhiteElo "2342"]
[BlackElo "2497"]
[PlyCount "111"]
[EventDate "2011.06.25"]
[EventType "swiss"]
[EventRounds "9"]
[EventCountry "BUL"]

1. e4 c5 2. Nf3 d6 3. d4 Nf6 4. Nc3 cxd4 5. Nxd4 g6 6. Bc4 Bg7 7. O-O O-O 8.
Re1 Nbd7 9. Bg5 Re8 10. Qd2 a6 11. a4 Qc7 12. Bb3 b6 13. Nd5 Nxd5 14. Bxd5 Bb7
15. Bxb7 Qxb7 16. Bh6 Bf6 17. c3 b5 18. axb5 axb5 19. Rxa8 Rxa8 20. Bg5 Bg7 21.
Bxe7 Nc5 22. Bh4 Nxe4 23. Qd3 b4 24. f3 Nc5 25. Qd2 Qd5 26. Bf2 bxc3 27. bxc3
Qc4 28. Rd1 Na4 29. Be1 Re8 30. h4 h5 31. Kh2 Be5+ 32. f4 Bg7 33. Rc1 Nc5 34.
Rd1 Ne4 35. Qd3 Qxd3 36. Rxd3 Nf6 37. Nf3 Ng4+ 38. Kg3 Ne3 39. Bf2 Nf5+ 40. Kh3
Re4 41. g3 Rc4 42. Bd4 Bxd4 43. Nxd4 Nh6 44. Nf3 Ng4 45. Rxd6 Rxc3 46. Ne5 Nh6
47. Rd3 Rc2 48. Nf3 Ng4 49. Rd2 Rc3 50. Nh2 Ne3 51. Rf2 Nf5 52. Nf1 Nh6 53. Nh2
Kg7 54. Kg2 Nf5 55. Nf1 Rc1 56. Re2 0-1

[Event "Albena BUL, 19th Open round_9"]
[Site "Albena BUL"]
[Date "2011.07.03"]
[Round "9.10"]
[White "Stanojoski, Zvonko"]
[Black "Rzayev, Bahruz Iqbal Oglu"]
[Result "1/2-1/2"]
[WhiteElo "2493"]
[BlackElo "2292"]
[PlyCount "120"]
[EventDate "2011.06.25"]
[EventType "swiss"]
[EventRounds "9"]
[EventCountry "BUL"]

1. c4 c5 2. Nf3 Nc6 3. d4 cxd4 4. Nxd4 e5 5. Nb5 d6 6. g3 Nf6 7. Bg2 Be7 8. O-O
Be6 9. b3 a6 10. N5c3 O-O 11. Bg5 h6 12. Bxf6 Bxf6 13. Nd2 Rc8 14. Nde4 Be7 15.
Nd5 Bxd5 16. Qxd5 Nb4 17. Qd2 d5 18. cxd5 Nxd5 19. Rfd1 Nb4 20. Nd6 Bxd6 21.
Qxd6 Nc6 22. Bxc6 Qxd6 23. Rxd6 Rxc6 24. Rxc6 bxc6 25. Rd1 Rc8 26. Rd7 c5 27.
Rd6 c4 28. bxc4 Rxc4 29. Rxa6 Rc2 30. Ra8+ Kh7 31. e3 Kg6 32. Kg2 Kf6 33. a3
Ra2 34. Ra6+ Kf5 35. Ra7 Ke6 36. g4 g6 37. Ra6+ Ke7 38. h4 Kf8 39. h5 gxh5 40.
gxh5 Kg7 41. Kg3 Ra1 42. Kg2 Rc1 43. a4 Rc4 44. Kg3 Rc1 45. f4 exf4+ 46. exf4
Ra1 47. Kf3 Ra3+ 48. Ke4 Ra1 49. f5 Rh1 50. f6+ Kh7 51. Ra5 Rh4+ 52. Kf3 Rb4
53. Ra7 Kg8 54. a5 Rb5 55. a6 Rxh5 56. Rb7 Ra5 57. a7 Kh7 58. Rxf7+ Kg6 59. Rb7
Kxf6 60. Rb6+ Kg7 1/2-1/2

[Event "Albena BUL, 19th Open round_9"]
[Site "Albena BUL"]
[Date "2011.07.03"]
[Round "9.15"]
[White "Gruenfeld, Yehuda"]
[Black "Bargan, Sergei"]
[Result "1-0"]
[WhiteElo "2484"]
[BlackElo "2297"]
[PlyCount "101"]
[EventDate "2011.06.25"]
[EventType "swiss"]
[EventRounds "9"]
[EventCountry "BUL"]

1. e4 c5 2. Nf3 d6 3. d4 cxd4 4. Nxd4 Nf6 5. Nc3 g6 6. Be3 Bg7 7. f3 Nc6 8. Qd2
O-O 9. Bc4 Bd7 10. O-O-O Rc8 11. Bb3 Ne5 12. Kb1 Nc4 13. Bxc4 Rxc4 14. g4 Qa5
15. Nb3 Qe5 16. Rhe1 Rfc8 17. Bd4 Qe6 18. e5 Nd5 19. exd6 Nxc3+ 20. Bxc3 Qxd6
21. Bxg7 Kxg7 22. Qxd6 exd6 23. Rxd6 Ba4 24. c3 Bxb3 25. axb3 Rf4 26. Re3 Rc7
27. Kc2 Kh6 28. Rd5 f5 29. gxf5 gxf5 30. Rd2 Kg5 31. Rg2+ Kh4 32. Rg3 h5 33.
Kd2 Rf7 34. Re5 a6 35. Ke3 Rg4 36. Kf2 Rxg3 37. hxg3+ Kh3 38. b4 h4 39. gxh4
Kxh4 40. Ke3 f4+ 41. Ke4 Kg3 42. Rg5+ Kf2 43. Rg6 Re7+ 44. Kxf4 Rf7+ 45. Ke4
Re7+ 46. Kd4 Kxf3 47. Kc5 Ke4 48. Rd6 Ke5 49. Rd2 Rc7+ 50. Kb6 Rh7 51. Rd8 1-0

[Event "Albena BUL, 19th Open round_9"]
[Site "Albena BUL"]
[Date "2011.07.03"]
[Round "9.16"]
[White "Jaracz, Barbara"]
[Black "Filip, Lucian"]
[Result "0-1"]
[WhiteElo "2275"]
[BlackElo "2467"]
[PlyCount "66"]
[EventDate "2011.06.25"]
[EventType "swiss"]
[EventRounds "9"]
[EventCountry "BUL"]

1. e4 c5 2. Nf3 e6 3. d4 cxd4 4. Nxd4 a6 5. Bd3 Bc5 6. Nb3 Be7 7. O-O d6 8. c4
Nf6 9. Nc3 b6 10. f4 Nbd7 11. Qe2 Bb7 12. Bd2 O-O 13. Nd4 Re8 14. Kh1 Qc7 15.
Rae1 Rad8 16. b4 Bf8 17. a3 g6 18. Nf3 Bg7 19. Qf2 Nh5 20. Qh4 Bf6 21. Qg4 Rc8
22. Ne2 Bg7 23. Ng3 f5 24. Qh3 Nxg3+ 25. hxg3 Nf6 26. exf5 exf5 27. Ng5 Bh8 28.
Qh4 Ng4 29. Be2 h6 30. Bxg4 hxg5 31. Qxg5 Qh7+ 32. Kg1 Bd4+ 33. Be3 Rxe3 0-1

[Event "Albena BUL, 19th Open round_9"]
[Site "Albena BUL"]
[Date "2011.07.03"]
[Round "9.19"]
[White "Primbetov, Kazbek"]
[Black "Nikolov, Sasho"]
[Result "1-0"]
[WhiteElo "2217"]
[BlackElo "2418"]
[PlyCount "55"]
[EventDate "2011.06.25"]
[EventType "swiss"]
[EventRounds "9"]
[EventCountry "BUL"]

1. c4 g6 2. Nf3 Bg7 3. Nc3 d6 4. b3 Nf6 5. Bb2 O-O 6. Qc2 a6 7. e3 c6 8. Be2 b5
9. O-O Nbd7 10. d4 bxc4 11. bxc4 c5 12. d5 Nb6 13. Rab1 e6 14. e4 Re8 15. Nd2
Ra7 16. Ba3 exd5 17. cxd5 Rae7 18. Bf3 Nfd7 19. g3 Ne5 20. Bg2 f5 21. Bc1 Ng4
22. a4 a5 23. Nb5 Nf6 24. f3 fxe4 25. Nxe4 Nbxd5 26. Nexd6 Nb4 27. Qxc5 Rf8 28.
Nxc8 1-0

[Event "Albena BUL, 19th Open round_9"]
[Site "Albena BUL"]
[Date "2011.07.03"]
[Round "9.22"]
[White "Simonian, Tigran"]
[Black "Kadric, Denis"]
[Result "1-0"]
[WhiteElo "2294"]
[BlackElo "2376"]
[PlyCount "43"]
[EventDate "2011.06.25"]
[EventType "swiss"]
[EventRounds "9"]
[EventCountry "BUL"]

1. d4 Nf6 2. c4 g6 3. Nc3 d5 4. Nf3 Bg7 5. Qb3 dxc4 6. Qxc4 O-O 7. e4 Nc6 8.
Be3 Ng4 9. Be2 Nxe3 10. fxe3 e5 11. d5 Nb8 12. Rd1 a6 13. a4 Nd7 14. O-O Qe7
15. Qxc7 Bh6 16. d6 Bxe3+ 17. Kh1 Qd8 18. Nd5 Bh6 19. Bc4 Kg7 20. a5 f6 21.
Qxd8 Rxd8 22. Nc7 1-0

[Event "Albena BUL, 19th Open round_9"]
[Site "Albena BUL"]
[Date "2011.07.03"]
[Round "9.23"]
[White "Akesson, Ralf"]
[Black "Ivanov, Bogidar"]
[Result "1-0"]
[WhiteElo "2451"]
[BlackElo "2179"]
[PlyCount "73"]
[EventDate "2011.06.25"]
[EventType "swiss"]
[EventRounds "9"]
[EventCountry "BUL"]

1. d4 Nf6 2. c4 e6 3. Nc3 Bb4 4. Qc2 O-O 5. a3 Bxc3+ 6. Qxc3 Ne4 7. Qc2 f5 8.
Nh3 d6 9. f3 Nf6 10. e3 Qe7 11. Nf2 b6 12. Be2 Bb7 13. b4 c5 14. Bb2 Nbd7 15.
O-O Rac8 16. dxc5 dxc5 17. b5 Rfd8 18. Rad1 Nf8 19. Nd3 Ng6 20. Qc3 Nd7 21. Nf4
Ndf8 22. Nh5 Rxd1 23. Rxd1 e5 24. Ng3 Qf7 25. Qc2 f4 26. exf4 exf4 27. Nf5 Rc7
28. Bxg7 Qe6 29. Bb2 h5 30. Rd6 Qe8 31. Rf6 Bc8 32. Nd6 Qe3+ 33. Kf1 Nh4 34.
Nxc8 Rxc8 35. Qd1 Nhg6 36. Qd5+ Kh7 37. Rf7+ 1-0

[Event "Albena BUL, 19th Open round_9"]
[Site "Albena BUL"]
[Date "2011.07.03"]
[Round "9.25"]
[White "Panbukchian, Valentin"]
[Black "Halldorsson, Jon Arni"]
[Result "1-0"]
[WhiteElo "2385"]
[BlackElo "2214"]
[PlyCount "61"]
[EventDate "2011.06.25"]
[EventType "swiss"]
[EventRounds "9"]
[EventCountry "BUL"]

1. f4 d5 2. Nf3 g6 3. g3 Bg7 4. Bg2 c5 5. O-O Nc6 6. d3 Nf6 7. Qe1 d4 8. Na3
Rb8 9. c3 O-O 10. Nc2 a5 11. Bd2 Be6 12. c4 Qb6 13. b3 Rfd8 14. h3 h5 15. Nh4
Bf5 16. Kh2 Nb4 17. Nxb4 axb4 18. a3 Ra8 19. axb4 cxb4 20. Rxa8 Rxa8 21. Bxb4
Ra2 22. Nxf5 gxf5 23. Bf3 e6 24. Qb1 Ra8 25. Bd2 Kh7 26. b4 Ra4 27. Qb3 Qa7 28.
c5 Kh6 29. Qc4 Ra2 30. Be1 Qa4 31. b5 1-0

[Event "Albena BUL, 19th Open round_9"]
[Site "Albena BUL"]
[Date "2011.07.03"]
[Round "9.26"]
[White "Bonev, Todor"]
[Black "Idrisov, Tabriz Arif Oglu"]
[Result "1-0"]
[WhiteElo "2317"]
[BlackElo "2204"]
[PlyCount "73"]
[EventDate "2011.06.25"]
[EventType "swiss"]
[EventRounds "9"]
[EventCountry "BUL"]

1. e4 c5 2. Nf3 d6 3. d4 cxd4 4. Nxd4 Nf6 5. Nc3 a6 6. Bg5 e6 7. f4 h6 8. Bh4
Be7 9. Qf3 Nbd7 10. O-O-O Qc7 11. Bd3 g5 12. fxg5 Ne5 13. Qe2 Nh7 14. Nf3 hxg5
15. Bg3 Nf8 16. h4 Nxf3 17. Qxf3 gxh4 18. Rdf1 Bg5+ 19. Kb1 f6 20. e5 f5 21.
exd6 Qg7 22. Be1 Ng6 23. Na4 Qd4 24. b3 Qxd6 25. Bc3 Rh6 26. g4 f4 27. Bxg6+
Rxg6 28. Qe4 Rg8 29. Be5 Qe7 30. Nb6 Bd7 31. Nxa8 Bc6 32. Qd4 Bxh1 33. Rxh1 Kf7
34. Qe4 Rxa8 35. Qh7+ Ke8 36. Qg8+ Qf8 37. Qxg5 1-0

[Event "Albena BUL, 19th Open round_9"]
[Site "Albena BUL"]
[Date "2011.07.03"]
[Round "9.30"]
[White "Voiska, Margarita"]
[Black "Yordanova, Svetla"]
[Result "1/2-1/2"]
[WhiteElo "2300"]
[BlackElo "2137"]
[PlyCount "49"]
[EventDate "2011.06.25"]
[EventType "swiss"]
[EventRounds "9"]
[EventCountry "BUL"]

1. d4 Nf6 2. Nf3 g6 3. g3 Bg7 4. Bg2 O-O 5. O-O d5 6. c4 c6 7. cxd5 cxd5 8. Ne5
e6 9. Nc3 Nfd7 10. f4 Nc6 11. Be3 Ndxe5 12. fxe5 f6 13. exf6 Bxf6 14. Qd2 Bd7
15. Kh1 Bg7 16. Bg1 Qe7 17. e4 dxe4 18. Bxe4 Rad8 19. Rxf8+ Qxf8 20. d5 exd5
21. Bxd5+ Kh8 22. Qg2 Qe7 23. Rf1 Rf8 24. Rxf8+ Qxf8 25. Qf3 1/2-1/2

[Event "Albena BUL, 19th Open round_9"]
[Site "Albena BUL"]
[Date "2011.07.03"]
[Round "9.31"]
[White "Uta, Adeline-Ramona"]
[Black "Dimov, Dian"]
[Result "0-1"]
[WhiteElo "2099"]
[BlackElo "2292"]
[PlyCount "48"]
[EventDate "2011.06.25"]
[EventType "swiss"]
[EventRounds "9"]
[EventCountry "BUL"]

1. e4 g6 2. d4 Bg7 3. Nc3 d6 4. f4 a6 5. Nf3 b5 6. a3 Nd7 7. Be2 Bb7 8. O-O c5
9. d5 Qc7 10. Kh1 Ngf6 11. e5 dxe5 12. fxe5 Nxe5 13. Bf4 Nfd7 14. Re1 O-O 15.
Bf1 Rad8 16. Qe2 f6 17. Bxe5 Nxe5 18. Nxe5 fxe5 19. Rad1 Qb6 20. a4 c4 21. axb5
axb5 22. b3 Rf2 23. Qe4 Rf4 24. Qe3 Rxf1+ 0-1

[Event "Albena BUL, 19th Open round_9"]
[Site "Albena BUL"]
[Date "2011.07.03"]
[Round "9.37"]
[White "Konstantelias, Konstantinos"]
[Black "Kulon, Klaudia"]
[Result "0-1"]
[WhiteElo "2078"]
[BlackElo "2227"]
[PlyCount "66"]
[EventDate "2011.06.25"]
[EventType "swiss"]
[EventRounds "9"]
[EventCountry "BUL"]

1. e4 e5 2. Nf3 Nc6 3. Bb5 a6 4. Ba4 Nf6 5. Bxc6 dxc6 6. d3 Nd7 7. Nbd2 g6 8.
b3 Bg7 9. Bb2 O-O 10. Qe2 Re8 11. Nc4 b5 12. Ne3 Nf8 13. h4 Ne6 14. g3 Nd4 15.
Nxd4 exd4 16. Ng2 h5 17. O-O-O Qd6 18. Rdg1 a5 19. Nf4 a4 20. Kb1 c5 21. f3 Bd7
22. Nh3 c4 23. dxc4 axb3 24. axb3 Qa6 25. Qd3 bxc4 26. Qxc4 Qa2+ 27. Kc1 Be6
28. Qc6 Reb8 29. Nf2 Bxb3 30. cxb3 Rxb3 31. Nd1 Rab8 32. Qd5 d3 33. e5 Rc3+ 0-1

[Event "Albena BUL, 19th Open round_9"]
[Site "Albena BUL"]
[Date "2011.07.03"]
[Round "9.39"]
[White "Anton, Teodor"]
[Black "Todorov, Kostadinov Todor"]
[Result "1-0"]
[WhiteElo "2355"]
[BlackElo "2072"]
[PlyCount "73"]
[EventDate "2011.06.25"]
[EventType "swiss"]
[EventRounds "9"]
[EventCountry "BUL"]

1. d4 Nf6 2. c4 g6 3. Nf3 Bg7 4. g3 d5 5. cxd5 Nxd5 6. Bg2 O-O 7. O-O Nb6 8.
Nc3 Nc6 9. e3 Re8 10. Re1 e5 11. d5 Na5 12. e4 Nac4 13. b3 Nd6 14. a4 Bd7 15.
a5 Nbc8 16. b4 Nb5 17. Nxb5 Bxb5 18. Bf1 Qd7 19. Bxb5 Qxb5 20. Bd2 Nd6 21. Rc1
Rac8 22. Rc5 Qa6 23. Qb3 c6 24. Kg2 b5 25. axb6 Qxb6 26. Be3 Qb7 27. Rec1 cxd5
28. Qxd5 Qxd5 29. exd5 Rb8 30. Rc6 Bf8 31. Bxa7 Rb5 32. Bc5 Nb7 33. d6 Nd8 34.
d7 Re7 35. Bxe7 Bxe7 36. Rc8 Kf8 37. R1c5 1-0

[Event "Albena BUL, 19th Open round_9"]
[Site "Albena BUL"]
[Date "2011.07.03"]
[Round "9.41"]
[White "Sofranov, Velizar"]
[Black "Sarenac, David"]
[Result "1-0"]
[WhiteElo "2053"]
[BlackElo "2315"]
[PlyCount "57"]
[EventDate "2011.06.25"]
[EventType "swiss"]
[EventRounds "9"]
[EventCountry "BUL"]

1. c4 e5 2. g3 Nc6 3. Nc3 f5 4. Nf3 Nf6 5. d4 e4 6. Nh4 g6 7. Bg5 Bg7 8. Ng2 h6
9. Bxf6 Bxf6 10. e3 h5 11. h4 Ne7 12. Nf4 c6 13. Qb3 d6 14. O-O-O Qc7 15. Be2
Bd7 16. f3 exf3 17. Bxf3 O-O-O 18. Rhe1 Kb8 19. e4 Qa5 20. c5 dxc5 21. e5 Bg7
22. dxc5 Rhe8 23. Qf7 Bf8 24. Rxd7 Rxd7 25. Qxe8+ Rd8 26. Qf7 Qxc5 27. Ne6 Qf2
28. Re2 Bh6+ 29. Kc2 1-0

[Event "Albena BUL, 19th Open round_9"]
[Site "Albena BUL"]
[Date "2011.07.03"]
[Round "9.48"]
[White "Orndahl, Markus"]
[Black "Bejatovic, Bojana"]
[Result "1-0"]
[WhiteElo "2235"]
[BlackElo "1968"]
[PlyCount "65"]
[EventDate "2011.06.25"]
[EventType "swiss"]
[EventRounds "9"]
[EventCountry "BUL"]

1. e4 g6 2. d4 Bg7 3. Nc3 c6 4. f4 d5 5. e5 h5 6. Be3 Nh6 7. Qd2 Qc7 8. Nf3 Bg4
9. Ng5 Nd7 10. h3 Bf5 11. Be2 O-O-O 12. O-O-O Nb6 13. b3 f6 14. Nf3 e6 15. Rhg1
Qe7 16. exf6 Bxf6 17. Ne5 h4 18. Kb2 Nf7 19. a4 Nd7 20. a5 Ndxe5 21. dxe5 Bg7
22. Bxa7 Bf8 23. Ra1 g5 24. Bb6 d4 25. Na4 Rd5 26. Bxd4 Kb8 27. c4 Rd8 28. c5
gxf4 29. a6 bxa6 30. Bxa6 Rxd4 31. Qxd4 Qc7 32. Qb4+ Ka7 33. Nc3 1-0

[Event "Albena BUL, 19th Open round_9"]
[Site "Albena BUL"]
[Date "2011.07.03"]
[Round "9.49"]
[White "Slavov, Dimitar"]
[Black "Sotirov, Nikolaj"]
[Result "0-1"]
[WhiteElo "2230"]
[BlackElo "2034"]
[PlyCount "76"]
[EventDate "2011.06.25"]
[EventType "swiss"]
[EventRounds "9"]
[EventCountry "BUL"]

1. c4 c5 2. Nc3 Nc6 3. g3 g6 4. Bg2 Bg7 5. e3 e6 6. Nge2 Nge7 7. O-O O-O 8. d4
cxd4 9. exd4 d5 10. cxd5 Nxd5 11. Nxd5 exd5 12. Be3 Be6 13. h3 Qb6 14. Qb3 Nxd4
15. Nxd4 Bxd4 16. Qxb6 Bxb6 17. Bxb6 axb6 18. Rfd1 Rfd8 19. a3 Rac8 20. Rd2 Rd7
21. Rad1 Kg7 22. f4 h5 23. Kf2 Kf6 24. Rd4 Rc2+ 25. R1d2 Rc5 26. b4 Rc8 27. Ke3
Ra8 28. Bxd5 Rxa3+ 29. Kf2 Bxh3 30. b5 Be6 31. Bxe6 Rxd4 32. Rxd4 Kxe6 33. Re4+
Kf6 34. Re5 Rc3 35. Re1 Rc5 36. Rb1 Kf5 37. Kf3 Rc3+ 38. Kf2 Kg4 0-1